<?xml version="1.0" encoding="UTF-8"?>
<record
    xmlns:xsi="http://www.w3.org/2001/XMLSchema-instance"
    xsi:schemaLocation="http://www.loc.gov/MARC21/slim http://www.loc.gov/standards/marcxml/schema/MARC21slim.xsd"
    xmlns="http://www.loc.gov/MARC21/slim">

  <leader>01080nam a22002537a 4500</leader>
  <controlfield tag="005">20100816141910.0</controlfield>
  <controlfield tag="008">090601t        xxu||||| |||| 00| 0 Ur d</controlfield>
  <datafield tag="010" ind1=" " ind2=" ">
    <subfield code="a">UR-7749</subfield>
  </datafield>
  <datafield tag="020" ind1=" " ind2=" ">
    <subfield code="c">200.00</subfield>
  </datafield>
  <datafield tag="035" ind1=" " ind2=" ">
    <subfield code="a">U-6304</subfield>
  </datafield>
  <datafield tag="040" ind1=" " ind2=" ">
    <subfield code="a">dpl</subfield>
    <subfield code="b">Urdu</subfield>
  </datafield>
  <datafield tag="082" ind1=" " ind2=" ">
    <subfield code="a">841</subfield>
  </datafield>
  <datafield tag="100" ind1=" " ind2=" ">
    <subfield code="9">13525</subfield>
    <subfield code="a">&#x645;&#x62D;&#x645;&#x62F; &#x628;&#x646; &#x639;&#x644;&#x6CC; &#x627;&#x644;&#x645;&#x633;&#x62F;&#x648;&#x633;&#x6CC;</subfield>
  </datafield>
  <datafield tag="245" ind1=" " ind2=" ">
    <subfield code="a">&#x6AF;&#x644;&#x62F;&#x633;&#x62A;&#x6C1;&#x621;&#x634;&#x62E;&#x635;&#x6CC;&#x627;&#x62A; /</subfield>
    <subfield code="c">&#x645;&#x62D;&#x645;&#x62F; &#x628;&#x646; &#x639;&#x644;&#x6CC; &#x627;&#x644;&#x645;&#x633;&#x62F;&#x648;&#x633;&#x6CC;</subfield>
  </datafield>
  <datafield tag="246" ind1=" " ind2=" ">
    <subfield code="a">Guldast-e-Shakhsiyat /</subfield>
    <subfield code="b">by Mohd.Bin Ali Almasdoodi</subfield>
  </datafield>
  <datafield tag="260" ind1=" " ind2=" ">
    <subfield code="a">&#x62D;&#x6CC;&#x62F;&#x631;&#x622;&#x628;&#x627;&#x631;</subfield>
    <subfield code="c">2007</subfield>
    <subfield code="b">&#x627;&#x644;&#x645;&#x633;&#x62F;&#x648;&#x633; &#x67E;&#x628;&#x644;&#x6CC;&#x6A9;&#x6CC;&#x634;&#x646;&#x632;</subfield>
  </datafield>
  <datafield tag="270" ind1=" " ind2=" ">
    <subfield code="a">Almasdood Publicationers</subfield>
    <subfield code="b">Hydrabad</subfield>
    <subfield code="e">500002</subfield>
  </datafield>
  <datafield tag="300" ind1=" " ind2=" ">
    <subfield code="a">224 &#x635;</subfield>
    <subfield code="b">22 &#x633; &#x645; (Pbk)</subfield>
  </datafield>
  <datafield tag="700" ind1=" " ind2=" ">
    <subfield code="9">13766</subfield>
  </datafield>
  <datafield tag="710" ind1=" " ind2=" ">
    <subfield code="a">&#x633;&#x627;&#x62D;&#x644; &#x627;&#x62D;&#x645;&#x62F;</subfield>
    <subfield code="9">13526</subfield>
  </datafield>
  <datafield tag="942" ind1=" " ind2=" ">
    <subfield code="2">ddc</subfield>
    <subfield code="c">UR</subfield>
    <subfield code="h">841</subfield>
    <subfield code="m">&#x645; &#x62D; &#x645;</subfield>
  </datafield>
  <datafield tag="999" ind1=" " ind2=" ">
    <subfield code="c">42150</subfield>
    <subfield code="d">42150</subfield>
  </datafield>
  <datafield tag="952" ind1=" " ind2=" ">
    <subfield code="0">0</subfield>
    <subfield code="1">0</subfield>
    <subfield code="2">ddc</subfield>
    <subfield code="4">0</subfield>
    <subfield code="7">1</subfield>
    <subfield code="8">NFIC</subfield>
    <subfield code="a">DBAD</subfield>
    <subfield code="b">DBAD</subfield>
    <subfield code="d">2010-08-16</subfield>
    <subfield code="e">DBAD/PUB</subfield>
    <subfield code="g">200.00</subfield>
    <subfield code="l">0</subfield>
    <subfield code="o">841 &#x645; &#x62D; &#x645;</subfield>
    <subfield code="p">U-6304</subfield>
    <subfield code="r">2010-08-16 00:00:00</subfield>
    <subfield code="t">1</subfield>
    <subfield code="v">200.00</subfield>
    <subfield code="w">2010-08-16</subfield>
    <subfield code="y">UR</subfield>
  </datafield>
</record>
